| 000 | 00451ntaaa2200181 4500 | ||
|---|---|---|---|
| 003 | 01 | ||
| 005 | 20251027201513.0 | ||
| 008 | 0714s1973 ag 01 | ||
| 040 |
_aAR-BaBN _bspa _cAR-BaBN _eaacr _dRIC |
||
| 082 | _a227.5000 M927 | ||
| 100 |
_aMoule, Hanldley C. G. _913626 |
||
| 245 | _aEphesians Studies | ||
| 250 |
_a1 ed. : _bHodder and Stoughton, _cc1900 |
||
| 300 | _a340 p. | ||
| 650 | _aBiblia-Nuevo Testamento | ||
| 650 | _aEfesios | ||
| 942 | _cBK | ||
| 999 |
_c9660 _d9660 |
||